000 00273nam a2200109Ia 4500
008 190216s9999||||xx |||||||||||||| ||und||
100 _aDr.Raghavan Pilla K
245 0 _aAdhyathma Vichara Patha
260 _bKerala Sarvakalasala
650 _aMalayalam Essays
942 _cBK
999 _c24210
_d24210